| 000 | 00500nam a2200181 a 4500 | ||
|---|---|---|---|
| 001 | 12571 | ||
| 003 | CO-ViMGA | ||
| 008 | 141112s2004 ck r 000 u spa d | ||
| 040 |
_aCO-ViMGA _bspa _cCO-ViMGA |
||
| 082 | 0 | 4 | _a651.75 T471 |
| 100 | 1 |
_aTiado, Carlos _918134 |
|
| 245 | 1 | 0 | _aComo dominar la correspondencia comercial en 90 días |
| 260 |
_aBogotá : _bCirculo de lectores, _c1980 |
||
| 300 | _a205p. | ||
| 650 | 1 | 4 | _aCORRESPONDENCIA COMERCIAL |
| 650 | 1 | 4 |
_aORTOGRAFIA _918135 |
| 942 |
_2ddc _cBK |
||
| 999 |
_c23566 _d23566 |
||